000 00611cam a2200145 4500500
005 20251012032623.0
041 _afre
042 _adc
100 1 0 _aBaladier, Charles
_eauthor
245 0 0 _aBéatrice Delaurenti, La Puissance des mots « Virtus verborum ». Débats doctrinaux sur le pouvoir des incantations au Moyen Âge, préface d’Alain Boureau, Paris, « Cerf histoire », 2007, 580 pages.
260 _c2008.
500 _a29
786 0 _nSigila | 21 | 1 | 2008-06-20 | p. 264-265 | 1286-1715
856 4 1 _uhttps://shs.cairn.info/revue-sigila-2008-1-page-264?lang=fr&redirect-ssocas=7080
999 _c1547851
_d1547851